00280nam a2200085Ia 4500008004100000041000800041100001900049245008800068260003800156241105s9999 xx 000 0 und d aeng aBabar Priyanka aLandscape Perspective For Biodiversity Designated Zones In An Urban Context Of Pune bM Arch Landscape BNCA, Punec2015